000 00310nam a2200121Ia 4500
008 240624s9999 xx 000 0 und d
041 _aeng
082 _a658.3 PRE
100 _aPREMUZIC THOMAS CHAMORRO
245 _aTALENT DELUSION WHY DATA NOT INTUITION I
260 _c2017
_aLondon
_bPlatkus
365 _cRS
999 _c31820
_d31820